[Event "21st ch-EUR Indiv w 2021"]
[Site "Iasi ROU"]
[Date "2021.08.10"]
[Round "2.6"]
[White "Girya, Olga"]
[Black "Kiolbasa, Oliwia"]
[Result "1-0"]
[WhiteTitle "WGM"]
[BlackTitle "WIM"]
[WhiteElo "2425"]
[BlackElo "2288"]
[WhiteFideId "4195752"]
[BlackFideId "1154613"]
[EventDate "2021.08.09"]

1. d4 d5 2. c4 e6 3. Nc3 Nf6 4. cxd5 exd5 5. Bg5 Nbd7 6. e3 c6 7. Bd3 Be7 8. Qc2
Nh5 9. Bxe7 Qxe7 10. O-O-O Nb6 11. h3 g6 12. Kb1 Ng7 13. g4 Bd7 14. Nf3 O-O-O
15. Ne5 Be8 16. Be2 Kb8 17. a4 f6 18. Nd3 Ne6 19. a5 Nc4 20. a6 b6 21. Na2 Rc8
22. Ndb4 Nd6 23. Rc1 Nd8 24. Bd3 Bf7 25. Nc3 Nc4 26. Bxc4 dxc4 27. Qa4 h5 28.
Nc2 Be6 29. f3 Nf7 30. Qb4 Qxb4 31. Nxb4 hxg4 32. hxg4 Rxh1 33. Rxh1 Ng5 34. f4
Nf3 35. Nxc6+ Rxc6 36. d5 Bxd5 37. Nxd5 Nd2+ 38. Kc2 Ne4 39. Rh8+ Rc8 40. Rh7
Rc5 41. Rb7+ Kc8 42. Ne7+ Kd8 43. Rxa7 Nd6 44. Nxg6 Ra5 45. Ne7 Ra1 46. g5 1-0

[Event "21st ch-EUR Indiv w 2021"]
[Site "Iasi ROU"]
[Date "2021.08.10"]
[Round "2.7"]
[White "Beydullayeva, Govhar"]
[Black "Badelka, Olga"]
[Result "1/2-1/2"]
[WhiteTitle "WIM"]
[BlackTitle "IM"]
[WhiteElo "2282"]
[BlackElo "2418"]
[WhiteFideId "13413015"]
[BlackFideId "13509926"]
[EventDate "2021.08.09"]

1. Nf3 c5 2. c4 g6 3. d4 cxd4 4. Nxd4 Bg7 5. e4 Nc6 6. Be3 Nf6 7. Nc3 O-O 8. Be2
d6 9. Qd2 Ng4 10. Bxg4 Bxg4 11. O-O a6 12. Rac1 Qa5 13. f4 Be6 14. b3 Rac8 15.
Nxc6 bxc6 16. f5 Bd7 17. Nd5 Qd8 18. Bb6 Qe8 19. f6 cxd5 20. fxg7 Kxg7 21. exd5
f6 22. Rce1 Rf7 23. Rf3 Bf5 24. h3 h5 25. Qf4 Qd7 26. Bd4 Rh8 27. Rfe3 Re8 28.
Qf2 e5 29. dxe6 Rxe6 30. Rxe6 Bxe6 31. Qe3 Bf5 32. Qc3 Qb7 33. Qe3 Qc7 34. Bb2
Qc6 35. Qd4 Qc5 36. Kf1 Qc7 37. Kg1 Qc5 38. Kf1 Qc7 39. Rd1 Qa5 40. Qc3 Qb6 41.
Qd4 Qa5 42. Qd2 Qc5 43. Qxd6 Qa5 44. Rd2 Be4 45. c5 Qb4 46. Rf2 Bf5 47. Qd4 Qb5+
48. Kg1 Qe8 49. Qc3 Qc6 50. Rd2 Rd7 51. Rxd7+ Bxd7 52. Qe3 Kf7 53. Qd4 Bc8 1/2-1/2

[Event "21st ch-EUR Indiv w 2021"]
[Site "Iasi ROU"]
[Date "2021.08.10"]
[Round "2.8"]
[White "Osmak, Iulija"]
[Black "Narva, Mai"]
[Result "1-0"]
[WhiteTitle "IM"]
[BlackTitle "WIM"]
[WhiteElo "2418"]
[BlackElo "2276"]
[WhiteFideId "14101602"]
[BlackFideId "4500512"]
[EventDate "2021.08.09"]

1. d4 g6 2. c4 Bg7 3. Nc3 d6 4. e4 e5 5. Nge2 exd4 6. Nxd4 Ne7 7. Bg5 h6 8. Be3
Nbc6 9. Qd2 a6 10. Be2 Ne5 11. Rd1 Ng4 12. Bf4 Bd7 13. O-O Qc8 14. c5 dxc5 15.
Nb3 Bc6 16. Nxc5 Ne5 17. h3 h5 18. Bg5 f6 19. Be3 b6 20. f4 Nf7 21. Nd3 O-O 22.
Nb4 Bb7 23. f5 gxf5 24. exf5 Nxf5 25. Nbd5 Kh8 26. Bxh5 Ne5 27. Bf4 Qd8 28. Qc2
Nd6 29. Qf2 b5 30. Bh2 f5 31. Rfe1 Qg5 32. Bxe5 Bxd5 33. Bxg7+ Kxg7 34. Nxd5
Qxh5 35. Nxc7 Ne4 36. Qd4+ Kh6 37. Nxa8 1-0

[Event "21st ch-EUR Indiv w 2021"]
[Site "Iasi ROU"]
[Date "2021.08.10"]
[Round "2.9"]
[White "Bulmaga, Irina"]
[Black "Muetsch, Annmarie"]
[Result "1-0"]
[WhiteTitle "IM"]
[BlackTitle "WIM"]
[WhiteElo "2413"]
[BlackElo "2259"]
[WhiteFideId "13903063"]
[BlackFideId "12971367"]
[EventDate "2021.08.09"]

1. e4 c5 2. b3 Nc6 3. Bb2 e5 4. Nc3 Nf6 5. Bb5 Bd6 6. Nge2 O-O 7. Bxc6 dxc6 8.
Ng3 Bg4 9. f3 Be6 10. d3 g6 11. O-O h5 12. Nce2 h4 13. Nh1 Nh5 14. Qc1 Kh7 15.
Nf2 Bc7 16. Ng4 Bxg4 17. fxg4 Ng7 18. Qe3 Ne6 19. Bc1 Nf4 20. Qf3 g5 21. Be3 Qe7
22. g3 hxg3 23. hxg3 Nxe2+ 24. Qxe2 f6 25. Kg2 Kg7 26. Rh1 Rh8 27. Rh5 Bb6 28.
Rf1 c4 29. bxc4 Bxe3 30. Qxe3 Rxh5 31. gxh5 Qd6 32. Qf3 Qe6 33. h6+ Kf7 34. Rh1
Rh8 35. h7 Ke7 36. Rh6 g4 37. Qf5 b6 38. Kf2 b5 39. cxb5 cxb5 40. Qxe6+ Kxe6 41.
c3 Kf7 42. Rh4 a5 43. a3 Ke6 44. Ke3 Kd6 45. Rh6 Ke7 46. d4 Ke6 47. Kd3 Kf7 48.
Rh4 Ke6 49. d5+ Kf7 50. c4 bxc4+ 51. Kxc4 a4 52. d6 Ke6 53. Kc5 1-0

[Event "21st ch-EUR Indiv w 2021"]
[Site "Iasi ROU"]
[Date "2021.08.10"]
[Round "2.10"]
[White "Mamedjarova, Zeinab"]
[Black "Danielian, Elina"]
[Result "0-1"]
[WhiteTitle "WGM"]
[BlackTitle "GM"]
[WhiteElo "2272"]
[BlackElo "2407"]
[WhiteFideId "13401521"]
[BlackFideId "13300210"]
[EventDate "2021.08.09"]

1. d4 d6 2. Nf3 Bg4 3. e3 Nd7 4. Be2 c6 5. h3 Bh5 6. Nbd2 e5 7. O-O Be7 8. b3
Qc7 9. a4 Rd8 10. Bb2 Ngf6 11. a5 O-O 12. a6 b5 13. c4 e4 14. Nh4 Bxe2 15. Qxe2
g6 16. f3 d5 17. fxe4 Nxe4 18. Nxe4 dxe4 19. Qg4 Nf6 20. Qf4 Qxf4 21. Rxf4 bxc4
22. bxc4 Rb8 23. Ba3 Bxa3 24. Rxa3 Rb1+ 25. Kh2 Kg7 26. Ra2 Re8 27. g4 h6 28.
Ng2 Re7 29. Kg3 Rc1 30. Ra4 Nd7 31. c5 Nf6 32. Rf2 Rb1 33. Raa2 Re8 34. Rfb2 Rb8
35. Rxb8 Rxb8 36. Nf4 Rb3 37. Kf2 g5 38. Ng2 Nd5 39. Ra1 Kf6 40. Ra2 Ke6 41. Ra1
Nc3 42. h4 Rb2+ 43. Kg3 Ra2 44. Rh1 Rxa6 45. hxg5 hxg5 46. Rh8 Nd5 47. Re8+ Kd7
48. Rg8 f6 49. Rg7+ Ke6 50. Rg8 Ra1 51. Rd8 Ke7 52. Rc8 Kd7 53. Rf8 a5 54. Rf7+
Ke6 55. Rf8 a4 56. Rd8 Ke7 57. Rd6 a3 58. Rxc6 a2 59. Ra6 Nb4 60. Ra7+ Ke6 0-1

[Event "21st ch-EUR Indiv w 2021"]
[Site "Iasi ROU"]
[Date "2021.08.10"]
[Round "2.11"]
[White "Unuk, Laura"]
[Black "Eric, Jovana"]
[Result "1-0"]
[WhiteTitle "IM"]
[BlackTitle "WGM"]
[WhiteElo "2407"]
[BlackElo "2254"]
[WhiteFideId "14609215"]
[BlackFideId "938238"]
[EventDate "2021.08.09"]

1. c4 c6 2. e4 d5 3. exd5 cxd5 4. cxd5 Nf6 5. Qa4+ Nbd7 6. Nc3 g6 7. Nf3 Bg7 8.
Bc4 O-O 9. d3 Nb6 10. Qb3 Bg4 11. Ne5 Bf5 12. O-O Ne8 13. Bf4 Nd6 14. Rfe1 Rc8
15. Nb5 Nxb5 16. Qxb5 a6 17. Qb3 Bxe5 18. Bxe5 Nd7 19. Qxb7 Nc5 20. Qb4 Bxd3 21.
Bg3 a5 22. Qb5 Bf5 23. Bf1 Ne4 24. Rad1 Rc5 25. Qb7 Bc8 26. Qb3 Bf5 27. Be5 Nd6
28. Qe3 Rc2 29. Bd3 Nc4 30. Bxc4 Rxc4 31. f3 Re8 32. Bc3 Rc8 33. Qh6 f6 34. d6
exd6 35. Rxe8+ Qxe8 36. Bxf6 Rc7 37. Bc3 Re7 38. h4 Qd7 39. Qf4 d5 40. Qb8+ Re8
41. Qb6 Qe6 42. Qd4 Qe3+ 43. Qxe3 Rxe3 44. Bxa5 Rd3 45. Re1 Kf7 46. Kf2 Rd4 47.
Bc3 Ra4 48. a3 h5 49. Bb4 Ra7 50. Ke3 Rc7 51. Rg1 Rc4 52. Bc3 Rxh4 53. Bd4 g5
54. a4 Bd7 55. a5 Bb5 56. Ra1 Ba6 57. Rc1 Ke8 58. Rc6 Bb5 59. Rb6 1-0

[Event "21st ch-EUR Indiv w 2021"]
[Site "Iasi ROU"]
[Date "2021.08.10"]
[Round "2.12"]
[White "Lehaci, Miruna-Daria"]
[Black "Zawadzka, Jolanta"]
[Result "0-1"]
[WhiteTitle "WFM"]
[BlackTitle "WGM"]
[WhiteElo "2267"]
[BlackElo "2403"]
[WhiteFideId "1234765"]
[BlackFideId "1122320"]
[EventDate "2021.08.09"]

1. d4 d5 2. Bf4 c5 3. Nc3 Nc6 4. e4 cxd4 5. exd5 dxc3 6. dxc6 Qxd1+ 7. Rxd1 bxc6
8. Bc7 Bb7 9. Ne2 cxb2 10. Rb1 Rc8 11. Bf4 e6 12. Rxb2 Ba6 13. Be3 Nf6 14. Nc3
Bxf1 15. Kxf1 a5 16. Na4 Bd6 17. c4 Ke7 18. Ke2 Rb8 19. Rhb1 Nd7 20. Nb6 Nxb6
21. Rxb6 Rhc8 22. Rxb8 Rxb8 23. Rxb8 Bxb8 24. Bb6 a4 25. h3 Be5 26. Bc5+ Bd6 27.
Be3 Bb4 28. Kd3 Kd6 29. f3 g6 30. Bf4+ e5 31. Be3 Bc5 32. Bd2 Ke6 33. Bc1 f5 34.
Bd2 Kf6 35. Bc3 Ke6 36. Bd2 h5 37. Bc1 Kf6 38. Bb2 Bd6 39. Bc1 Bc5 40. Bb2 g5
41. Bc3 Ke6 42. Bd2 g4 43. hxg4 hxg4 44. Bc1 Be7 45. Bd2 gxf3 46. gxf3 Kf6 47.
Bc3 Ke6 48. Bd2 Bd6 49. Bc3 Kf7 50. Be1 Kg6 51. Bh4 Ba3 52. Bg3 Bb2 53. Bh4 Ba3
54. Bg3 f4 55. Bf2 Kf5 56. Bg1 Be7 57. Bf2 e4+ 58. fxe4+ Kg4 59. Ke2 f3+ 60. Kd3
Kh3 0-1

[Event "21st ch-EUR Indiv w 2021"]
[Site "Iasi ROU"]
[Date "2021.08.10"]
[Round "2.13"]
[White "Sieber, Fiona"]
[Black "Tsolakidou, Stavroula"]
[Result "0-1"]
[WhiteTitle "WIM"]
[BlackTitle "IM"]
[WhiteElo "2254"]
[BlackElo "2389"]
[WhiteFideId "12902373"]
[BlackFideId "4264312"]
[EventDate "2021.08.09"]

1. e4 c5 2. Nc3 e6 3. d4 cxd4 4. Qxd4 Nc6 5. Qd3 a6 6. Qg3 b5 7. Bg5 Qa5 8. Nf3
b4 9. Nb1 b3+ 10. Nc3 bxc2 11. Bd3 Rb8 12. Bc1 g6 13. Nd4 Nge7 14. O-O Bg7 15.
Nxc6 Nxc6 16. Bxc2 O-O 17. Rd1 Ne5 18. Rb1 Bb7 19. Bf4 Rbc8 20. b4 Qc7 21. Rb3
d6 22. Bd3 Rfd8 23. Bf1 Nc4 24. Rc1 Qd7 25. Bxc4 Rxc4 26. Qd3 Rdc8 27. f3 d5 28.
Ne2 Qb5 29. exd5 Rxc1+ 30. Bxc1 Bxd5 31. Qxb5 axb5 32. Ra3 Rc2 33. Re3 Bc4 0-1

[Event "21st ch-EUR Indiv w 2021"]
[Site "Iasi ROU"]
[Date "2021.08.10"]
[Round "2.14"]
[White "Mkrtchian, Lilit"]
[Black "Fataliyeva, Ulviyya"]
[Result "1/2-1/2"]
[WhiteTitle "IM"]
[BlackTitle "WGM"]
[WhiteElo "2388"]
[BlackElo "2253"]
[WhiteFideId "13300601"]
[BlackFideId "13403052"]
[EventDate "2021.08.09"]

1. c4 e6 2. g3 Nf6 3. Bg2 d5 4. Nf3 d4 5. O-O c5 6. e3 Nc6 7. exd4 cxd4 8. d3
Bd6 9. Bg5 h6 10. Bxf6 Qxf6 11. Nbd2 Qe7 12. Re1 O-O 13. a3 a5 14. Nh4 Bc7 15.
Rc1 g5 16. Nhf3 e5 17. c5 Qf6 18. Ne4 Qg6 19. Nfd2 g4 20. Nc4 Bf5 21. Ncd6 Bxd6
22. Nxd6 Bxd3 23. Nxb7 e4 24. Nd6 f5 25. Qb3+ Kh8 26. Qd5 Ra6 27. b4 axb4 28.
axb4 Qf6 29. b5 Ne7 30. Qb3 Rxd6 31. cxd6 Qxd6 32. b6 Rb8 33. Qf7 Rxb6 34. Qf8+
Kh7 35. Qf7+ Kh8 36. Qf8+ Kh7 1/2-1/2

[Event "21st ch-EUR Indiv w 2021"]
[Site "Iasi ROU"]
[Date "2021.08.10"]
[Round "2.15"]
[White "Dornbusch, Tatiana"]
[Black "Sargsyan, Anna M."]
[Result "0-1"]
[WhiteTitle "WGM"]
[BlackTitle "WGM"]
[WhiteElo "2249"]
[BlackElo "2388"]
[WhiteFideId "14107449"]
[BlackFideId "13308130"]
[EventDate "2021.08.09"]

1. d4 d5 2. c4 c6 3. Nf3 Nf6 4. g3 Bf5 5. Bg2 e6 6. O-O Be7 7. b3 O-O 8. Bb2
Nbd7 9. Nbd2 Ne4 10. Nxe4 Bxe4 11. Qd2 a5 12. Ne1 Bxg2 13. Kxg2 a4 14. Nd3 h6
15. Rfc1 Re8 16. e3 Bf8 17. Bc3 Qg5 18. Bb4 Qf5 19. Bxf8 Rxf8 20. Qc2 a3 21. Nc5
Qxc2 22. Rxc2 Nxc5 23. dxc5 Rfd8 24. cxd5 Rxd5 25. Kf3 g5 26. h3 Kg7 27. b4 Rad8
28. Ke2 h5 29. Rb1 g4 30. hxg4 hxg4 31. Rb3 Ra8 32. Rc4 f5 33. Rcc3 Ra4 34. Rd3
Kf6 35. Rxd5 exd5 36. Kd3 Ke5 37. Rb1 b6 38. cxb6 Ra6 39. b7 Rb6 40. Rb3 Rxb7
41. Rxa3 Rxb4 42. Kc3 Rb1 43. Ra4 Rf1 44. Rf4 c5 45. Kb2 Rh1 46. Kc2 Rh8 47. Kb2
Ra8 48. Kb3 Rc8 49. Kc3 d4+ 50. Kc2 Ra8 51. Kb3 Rd8 52. Kc2 Rd5 53. Kd2 Rd7 54.
Kc2 Ra7 55. Kb2 Ra5 56. Kb3 c4+ 57. Kxc4 dxe3 58. fxe3 Rxa2 59. e4 Ra4+ 60. Kd3
Rxe4 61. Rf1 Ra4 62. Re1+ Kf6 63. Rg1 Ra3+ 64. Ke2 Rf3 65. Rg2 Ke5 66. Rg1 Ke4
67. Kd2 Rf2+ 68. Kc3 Kf3 69. Kd4 f4 70. gxf4 Kxf4 71. Ra1 g3 72. Ra8 Rd2+ 73.
Kc3 Rd7 74. Rf8+ Ke3 75. Rg8 Kf2 76. Rf8+ Kg1 77. Rg8 g2 78. Kc2 Rh7 79. Kd2 Kh1 0-1

[Event "21st ch-EUR Indiv w 2021"]
[Site "Iasi ROU"]
[Date "2021.08.10"]
[Round "2.16"]
[White "Mammadova, Gulnar"]
[Black "Tsirulnik, Maritsa"]
[Result "1-0"]
[WhiteTitle "IM"]
[WhiteElo "2385"]
[BlackElo "2046"]
[WhiteFideId "13403508"]
[BlackFideId "14118688"]
[EventDate "2021.08.09"]

1. e4 c5 2. Nf3 e6 3. c3 Nf6 4. e5 Nd5 5. Bc4 d6 6. d4 cxd4 7. cxd4 Nc6 8. O-O
Be7 9. Qe2 O-O 10. Nc3 Nxc3 11. bxc3 dxe5 12. dxe5 Qc7 13. Bd3 Rd8 14. Re1 g6
15. Bh6 Rd5 16. Rad1 Bd7 17. Qe4 Be8 18. Bc2 Rxd1 19. Bxd1 Rd8 20. Qf4 Na5 21.
Bg5 Bxg5 22. Qxg5 Rd5 23. Bc2 f5 24. h4 Nc4 25. Bb3 b5 26. h5 a5 27. h6 a4 28.
Bxc4 bxc4 29. Nd4 Qd8 30. Qxd8 Rxd8 31. Nxe6 Rb8 32. Rd1 a3 33. Kh2 Ba4 34. Rd2
Kf7 35. Rd6 Bb3 36. Ng5+ Ke7 37. Ra6 Kd7 38. Rxa3 Kc6 39. Kg3 Bc2 40. Ra7 f4+
41. Kxf4 Rf8+ 42. Rf7 1-0

[Event "21st ch-EUR Indiv w 2021"]
[Site "Iasi ROU"]
[Date "2021.08.10"]
[Round "2.17"]
[White "Grigorieva, Yulia"]
[Black "Garifullina, Leya"]
[Result "1/2-1/2"]
[WhiteTitle "WFM"]
[BlackTitle "WGM"]
[WhiteElo "2140"]
[BlackElo "2385"]
[WhiteFideId "34104868"]
[BlackFideId "34127035"]
[EventDate "2021.08.09"]

1. d4 Nf6 2. c4 e6 3. Nf3 b6 4. e3 d5 5. cxd5 exd5 6. Nc3 Bd6 7. g3 O-O 8. Bg2
Ba6 9. Ne5 c5 10. f4 cxd4 11. exd4 Bb4 12. Bd2 Bxc3 13. Bxc3 Re8 14. Kf2 Ne4+
15. Bxe4 dxe4 16. Qb3 e3+ 17. Kxe3 Qf6 18. Rhe1 Nc6 19. Rad1 Rad8 20. Kf2 Bb7
21. d5 Nxe5 22. Rxe5 Rxe5 23. Bxe5 Qf5 24. Rd2 f6 25. Bc7 Rxd5 26. Bb8 a5 27.
Re2 b5 28. a4 Qd7 29. axb5 Qxb5 30. Qxb5 Rxb5 1/2-1/2

[Event "21st ch-EUR Indiv w 2021"]
[Site "Iasi ROU"]
[Date "2021.08.10"]
[Round "2.18"]
[White "Balajayeva, Khanim"]
[Black "Zeliantsova, Kseniya"]
[Result "1-0"]
[WhiteTitle "WGM"]
[BlackTitle "WFM"]
[WhiteElo "2376"]
[BlackElo "1970"]
[WhiteFideId "13406396"]
[BlackFideId "13512617"]
[EventDate "2021.08.09"]

1. e4 c5 2. Nc3 Nc6 3. g3 g6 4. Bg2 Bg7 5. d3 d6 6. Be3 e6 7. Qd2 Nge7 8. Bh6
Bxh6 9. Qxh6 Nd4 10. O-O-O b5 11. h4 Qa5 12. Kb1 Bd7 13. Nce2 Ndc6 14. h5 O-O-O
15. Nf3 Nb4 16. Nc1 Qa4 17. Qd2 f6 18. hxg6 hxg6 19. c3 Nbc6 20. Qf4 Rxh1 21.
Rxh1 d5 22. Nb3 b4 23. Nxc5 Qb5 24. cxb4 Nxb4 25. Rc1 Nec6 26. Bf1 d4 27. a3 Na6
28. Nxd4 Qb6 29. Nxd7 Qxd4 30. Rxc6+ Kb7 31. Rd6 Qa4 32. Nc5+ Nxc5 33. Rxd8 e5
34. Qc1 1-0

[Event "21st ch-EUR Indiv w 2021"]
[Site "Iasi ROU"]
[Date "2021.08.10"]
[Round "2.19"]
[White "Tamrazyan, Gohar"]
[Black "Radeva, Viktoria"]
[Result "0-1"]
[BlackTitle "WGM"]
[WhiteElo "1973"]
[BlackElo "2372"]
[WhiteFideId "1330799"]
[BlackFideId "2915405"]
[EventDate "2021.08.09"]

1. e4 c5 2. Nc3 e6 3. Nf3 a6 4. d4 cxd4 5. Nxd4 Qc7 6. Bd3 Nc6 7. Nxc6 dxc6 8.
Qe2 e5 9. O-O Nf6 10. Kh1 Bc5 11. f4 Ng4 12. Bc4 b5 13. Bb3 Qe7 14. fxe5 O-O 15.
Bf4 Nxe5 16. Qh5 Ng6 17. Rad1 Be6 18. Bg5 Qc7 19. Rd3 Qe5 20. Bxe6 fxe6 21. Rdf3
Be7 22. h4 Bd6 23. g3 b4 24. Qg4 bxc3 25. h5 Rxf3 26. Rxf3 cxb2 27. Rb3 Rb8 0-1

[Event "21st ch-EUR Indiv w 2021"]
[Site "Iasi ROU"]
[Date "2021.08.10"]
[Round "2.20"]
[White "Injac, Teodora"]
[Black "Batagan, Ilinca-Petra"]
[Result "1-0"]
[WhiteTitle "WGM"]
[WhiteElo "2370"]
[BlackElo "1846"]
[WhiteFideId "932400"]
[BlackFideId "1261002"]
[EventDate "2021.08.09"]

1. d4 d5 2. c4 e6 3. Nf3 Nf6 4. g3 b6 5. Bg2 Bb7 6. cxd5 exd5 7. Nc3 Be7 8. Qa4+
c6 9. O-O O-O 10. Ne5 Qc7 11. Bf4 Nh5 12. Be3 b5 13. Qc2 Na6 14. Rac1 Qd6 15.
Qf5 g6 16. Qd7 Qxd7 17. Nxd7 Rfd8 18. Ne5 Bd6 19. Nd3 Ng7 20. Bf4 Nf5 21. Bxd6
Nxd6 22. Nb1 Nc4 23. b3 Nd6 24. Rc2 Rab8 25. Rfc1 f6 26. a3 Re8 27. e3 Ba8 28.
h4 Kf7 29. g4 Ne4 30. g5 Rbc8 31. Bh3 Rc7 32. gxf6 Nb8 33. Nc3 Kxf6 34. Nxd5+
cxd5 35. Rxc7 1-0

[Event "21st ch-EUR Indiv w 2021"]
[Site "Iasi ROU"]
[Date "2021.08.10"]
[Round "2.21"]
[White "Andries, Alexia"]
[Black "Zimina, Olga"]
[Result "0-1"]
[BlackTitle "IM"]
[WhiteElo "1420"]
[BlackElo "2345"]
[WhiteFideId "1267272"]
[BlackFideId "4132190"]
[EventDate "2021.08.09"]

1. d4 Nf6 2. c4 e6 3. Nc3 Bb4 4. f3 d5 5. e3 O-O 6. a3 Bxc3+ 7. bxc3 c5 8. Bd3
Qc7 9. Qc2 Nc6 10. Ne2 Na5 11. cxd5 c4 12. Be4 exd5 13. Bf5 Nb3 14. Rb1 Nxc1 15.
Rxc1 Qe7 16. Bxc8 Rfxc8 17. Kf2 Re8 18. Qd2 Qxa3 19. Ra1 Qd6 20. Ng3 Re6 21.
Rhe1 a6 22. Rab1 b5 23. Re2 Rae8 24. Rbe1 Qd8 25. e4 dxe4 26. fxe4 Ng4+ 27. Kg1
Qh4 28. h3 Qxg3 29. hxg4 Rh6 30. Re3 Qxg4 31. e5 Qf4 32. Qc2 Qh2+ 33. Kf1 f5 34.
Rf3 Rg6 35. Rh3 Qf4+ 36. Rf3 Qh4 37. Rh3 Qg5 38. Qf2 a5 39. Rb1 b4 40. cxb4 axb4
41. Rxb4 Qc1+ 42. Qe1 Qc2 43. Qf2 Qd1+ 44. Qe1 Qxd4 45. Re3 Rg4 46. Rf3 Re4 47.
Qb1 Qxe5 48. Qc2 Re1+ 49. Kf2 Re2+ 50. Qxe2 Qxe2+ 0-1

[Event "21st ch-EUR Indiv w 2021"]
[Site "Iasi ROU"]
[Date "2021.08.10"]
[Round "2.22"]
[White "Khotenashvili, Bela"]
[Black "Hapala, Elisabeth"]
[Result "1-0"]
[WhiteTitle "GM"]
[BlackTitle "WFM"]
[WhiteElo "2471"]
[BlackElo "2160"]
[WhiteFideId "13602640"]
[BlackFideId "1622080"]
[EventDate "2021.08.09"]

1. Nf3 Nf6 2. g3 d5 3. Bg2 Bf5 4. c4 c6 5. cxd5 cxd5 6. Qb3 Nc6 7. O-O Qd7 8. d4
e6 9. Nc3 Be7 10. Ne5 Nxe5 11. dxe5 Ng4 12. e4 dxe4 13. Nxe4 Bxe4 14. Bxe4 Nxe5
15. Rd1 Qc7 16. Bf4 O-O 17. Rac1 Qa5 18. Qxb7 Bf6 19. b4 Qxa2 20. Qc7 Ng6 21.
Bxa8 Rxa8 22. Qb7 Rf8 23. Bd6 Rd8 24. Rc8 Qa4 25. Rdc1 h6 26. Rxd8+ Bxd8 27. Qa8
Qd7 28. Bc7 1-0

[Event "21st ch-EUR Indiv w 2021"]
[Site "Iasi ROU"]
[Date "2021.08.10"]
[Round "2.23"]
[White "Makropoulou, Marina"]
[Black "Arabidze, Meri"]
[Result "0-1"]
[WhiteTitle "WGM"]
[BlackTitle "IM"]
[WhiteElo "2186"]
[BlackElo "2438"]
[WhiteFideId "4200187"]
[BlackFideId "13604040"]
[EventDate "2021.08.09"]

1. e4 e5 2. Nf3 Nc6 3. Nc3 Nf6 4. Bb5 Bb4 5. O-O O-O 6. d3 d6 7. Bg5 Ne7 8. Bxf6
gxf6 9. d4 c6 10. Bd3 Ng6 11. Ne2 Kh8 12. c3 Ba5 13. Qd2 Rg8 14. Kh1 Bb6 15. a4
a5 16. Qh6 Be6 17. Rfd1 Qf8 18. Qxf8 Raxf8 19. Rd2 d5 20. Ng3 Nf4 21. Bf1 Bg4
22. Ne1 Rd8 23. f3 Be6 24. Nc2 dxe4 25. fxe4 Bb3 26. Nf5 Rge8 27. g3 Ne6 28. Bg2
Bxc2 29. Rxc2 exd4 30. cxd4 Nxd4 31. Nxd4 Rxd4 32. Bf3 Red8 33. Ra3 Rb4 34. Kg2
Rdd4 35. h4 Kg7 36. Ra1 0-1

[Event "21st ch-EUR Indiv w 2021"]
[Site "Iasi ROU"]
[Date "2021.08.10"]
[Round "2.24"]
[White "Gaboyan, Susanna"]
[Black "Buksa, Nataliya"]
[Result "0-1"]
[WhiteTitle "WIM"]
[BlackTitle "IM"]
[WhiteElo "2215"]
[BlackElo "2413"]
[WhiteFideId "13303627"]
[BlackFideId "14123622"]
[EventDate "2021.08.09"]

1. e4 c5 2. Nc3 e6 3. Nf3 Nc6 4. Bb5 Nd4 5. Nxd4 cxd4 6. Ne2 Qg5 7. Nxd4 Qc5 8.
Nxe6 fxe6 9. Be2 e5 10. O-O Nf6 11. c3 Be7 12. d4 Qc7 13. f4 d6 14. Qb3 Qb6 15.
Qc4 Qa6 16. Qxa6 bxa6 17. Bf3 Bb7 18. d5 Bd8 19. fxe5 dxe5 20. b3 O-O 21. Ba3
Bb6+ 22. Kh1 Rf7 23. c4 Rc8 24. Rac1 Be3 25. Rce1 Bd4 26. Rc1 g5 27. g4 a5 28.
c5 Ba6 29. Rfd1 Nxd5 30. exd5 Rxf3 31. c6 Bd3 32. d6 0-1

[Event "21st ch-EUR Indiv w 2021"]
[Site "Iasi ROU"]
[Date "2021.08.10"]
[Round "2.25"]
[White "Kazarian, Anna-Maja"]
[Black "Maltsevskaya, Aleksandra"]
[Result "0-1"]
[WhiteTitle "FM"]
[BlackTitle "WGM"]
[WhiteElo "2096"]
[BlackElo "2409"]
[WhiteFideId "1033689"]
[BlackFideId "24174041"]
[EventDate "2021.08.09"]

1. Nf3 d5 2. e3 Nf6 3. c4 e6 4. b3 a5 5. Nc3 Nbd7 6. Bb2 Nb6 7. d4 dxc4 8. bxc4
c5 9. d5 exd5 10. cxd5 Bd6 11. Bb5+ Bd7 12. Qd3 O-O 13. Bxd7 Qxd7 14. e4 Rfe8
15. O-O Ng4 16. Qb5 Qc7 17. h3 Ne5 18. Nh4 Nec4 19. Rac1 Nxb2 20. Qxb2 Be5 21.
Qb1 Nd7 22. Ne2 Bf6 23. Nf5 b6 24. f4 g6 25. Nh6+ Kg7 26. Ng4 h5 27. Ne3 Kg8 28.
e5 Nxe5 29. fxe5 Bxe5 30. Rf3 Re7 31. Qd3 Rae8 32. d6 Qxd6 33. Qxd6 Bxd6 34. Kf2
Kg7 35. Nc3 h4 36. Ncd5 Bg3+ 37. Ke2 Re6 38. Kd3 f5 39. Kc4 Rd8 40. Nc3 Rd4+ 41.
Kb3 a4+ 42. Kc2 Bf4 43. Re1 Kf7 44. Re2 Bg5 45. Nf1 Rxe2+ 46. Nxe2 Re4 47. Nc3
Re1 48. Rf2 Rc1+ 49. Kb2 a3+ 50. Kb3 c4+ 51. Kxc4 Bf6 52. Rf3 Bxc3 53. Rxc3 Rxf1
54. Rxa3 Rf2 55. g3 hxg3 56. Rxg3 Rxa2 57. Rb3 Re2 58. Rxb6 Re3 59. Kd5 Rxh3 60.
Ke5 Re3+ 61. Kf4 Re6 62. Rb8 Re4+ 63. Kg5 Rg4+ 64. Kh6 f4 65. Rb7+ Kf6 66. Rb6+
Kf5 67. Rb5+ Ke4 68. Rb4+ Kf3 69. Rb3+ Kg2 0-1

[Event "21st ch-EUR Indiv w 2021"]
[Site "Iasi ROU"]
[Date "2021.08.10"]
[Round "2.26"]
[White "Daulyte-Cornette, Deimante"]
[Black "Krasteva, Beloslava"]
[Result "1-0"]
[WhiteTitle "IM"]
[BlackTitle "FM"]
[WhiteElo "2408"]
[BlackElo "2243"]
[WhiteFideId "12802859"]
[BlackFideId "2922029"]
[EventDate "2021.08.09"]

1. e4 c5 2. Nc3 e6 3. Nf3 Nc6 4. d4 cxd4 5. Nxd4 Qc7 6. Be3 a6 7. a3 b5 8. Nxc6
Qxc6 9. Be2 Bb7 10. O-O Bd6 11. Qd2 Nf6 12. Bf3 Qc7 13. h3 Bh2+ 14. Kh1 Be5 15.
Bd4 O-O 16. Bxe5 Qxe5 17. Rad1 Rfd8 18. Qd6 Qxd6 19. Rxd6 Bc6 20. Rfd1 Ne8 21.
R6d2 d6 22. Be2 Rdc8 23. f4 e5 24. Bg4 Rc7 25. fxe5 dxe5 26. Bd7 Bb7 27. Bxe8
Rxe8 28. Rd7 Rxd7 29. Rxd7 Rb8 30. Re7 f6 31. Rc7 h5 32. Kg1 Bc8 33. Kf2 a5 34.
Nd5 Bb7 35. Ne7+ Kf8 36. Ke3 g5 37. g4 hxg4 38. hxg4 Ba8 39. Nd5 Bxd5 40. exd5
Rb6 41. b3 b4 42. a4 Ra6 43. Kd3 Rd6 44. Kc4 Rd8 45. Rc5 Ra8 46. d6 Ke8 47. Kd5
Ra6 48. Ke6 Kd8 49. Rb5 Ra8 50. Rb7 Kc8 51. Rh7 Ra6 52. Rh8+ Kb7 53. Kd5 e4 54.
d7 1-0